000 00609nam a2200205Ia 4500
003 OSt
005 20260622094116.0
008 210210b2003 xxu||||| |||| 00| 0 eng d
020 _a81 280 0122 1
040 _cAL
041 _aKannada
082 _a301K SUBS
100 _aSUBRAMANYA (G).
_9162742
_dಸುಬ್ರಹ್ಮಣ್ಯ (ಜಿ)
245 _aSamajashastrada mula tatvagalu.
_bಸಮಾಜಶಾಸ್ತ್ರದ ಮೂಲ ತತ್ವಗಳು
260 _aBengaluru
_bSapna Buk Haus
_c2003
300 _aviii,240
690 _aSociology
_9162743
906 _a058802
942 _2ddc
_cBK
999 _c106200
_d106200